BUBT Library Online Catalog

Research Methods In Language Learning : (Record no. 4688)

000 -LEADER
fixed length control field 00613nam a2200217Ia 4500
003 - CONTROL NUMBER IDENTIFIER
control field BUBTL
008 - FIXED-LENGTH DATA ELEMENTS--GENERAL INFORMATION
fixed length control field 151213s9999 xx 000 0 und d
020 ## - INTERNATIONAL STANDARD BOOK NUMBER
International Standard Book Number 0521439379
082 ## - DEWEY DECIMAL CLASSIFICATION NUMBER
Classification number 418.007/ N92r/ 1992
100 ## - MAIN ENTRY--PERSONAL NAME
Personal name David, Nunan
9 (RLIN) 4691
245 ## - TITLE STATEMENT
Title Research Methods In Language Learning :
Statement of responsibility, etc. David Nunan
250 ## - EDITION STATEMENT
Edition statement 1st Edn
260 ## - PUBLICATION, DISTRIBUTION, ETC. (IMPRINT)
Place of publication, distribution, etc. U K
Name of publisher, distributor, etc. Cambridge University Press
Date of publication, distribution, etc. c1992
300 ## - PHYSICAL DESCRIPTION
Extent [xii] 249p. :
Other physical details 21 cm
521 ## - TARGET AUDIENCE NOTE
Target audience note Includes Index
650 ## - SUBJECT ADDED ENTRY--TOPICAL TERM
Topical term or geographic name as entry element English Language
9 (RLIN) 194
700 ## - ADDED ENTRY--PERSONAL NAME
Personal name David Nunan
9 (RLIN) 4692
856 ## - ELECTRONIC LOCATION AND ACCESS
Password 0
Logon 0
Link text Download
942 ## - ADDED ENTRY ELEMENTS (KOHA)
Source of classification or shelving scheme
Koha item type Books
Holdings
Withdrawn status Lost status Source of classification or shelving scheme Damaged status Not for loan Collection code Permanent location Current location Shelving location Date acquired Source of acquisition Inventory number Total Checkouts Full call number Barcode Date last seen Copy number Price effective from Koha item type
          Non-fiction Bangladesh University of Business and Technology Library Bangladesh University of Business and Technology Library English Literature Stacks 05/11/2211 Purchase 8992   418.007/ N92r/ 1992 BUBTL-20038992 09/18/2022 C-1 09/18/2022 Books
        Not For Loan Non-fiction Bangladesh University of Business and Technology Library Bangladesh University of Business and Technology Library English Literature Stacks 05/11/2011 Purchase 8994   418.007/ N92r/ 1992 BUBTL-20038994 09/18/2022 C-2 09/18/2022 Books
          Non-fiction Bangladesh University of Business and Technology Library Bangladesh University of Business and Technology Library English Literature Stacks 05/11/2011 Purchase 8995   418.007/ N92r/ 1992 BUBTL-20038995 09/18/2022 C-3 09/18/2022 Books
          Non-fiction Bangladesh University of Business and Technology Library Bangladesh University of Business and Technology Library English Literature Stacks 05/11/2011 Purchase 8990   418.007/ N92r/ 1992 BUBTL-20038990 09/20/2022 C-4 09/20/2022 Books
          Non-fiction Bangladesh University of Business and Technology Library Bangladesh University of Business and Technology Library English Literature Stacks 05/11/2011 Purchase 8991   418.007/ N92r/ 1992 BUBTL-20038991 09/20/2022 C-5 09/20/2022 Books

More Information About Library

Library Hours

  • Open: 9.00 am. to 9.00 pm.
  • Only Sunday: 9.00 am. to 6.00 pm.
  • Closed: Holiday

Contact to the University

Bangladesh University of Business and Technology Library

  • Mirpurl-2, 1216.
  • Phone:
  • Fax:
  • E-Mail: admin.library@bubt.edu.bd

Contact to the Library

Contact Person:

Md. Abdul Hakim Shah
Joint Librarian
PABX No:  113
Cell No: 01816332931
E-mail: official: admin.library@bubt.edu.bd
Personal: hakim.shah@bubt.edu.bd


BUBT Library

Copyright © 2021